01669nam a2200325 a 4500001001000000003000900010005001700019008004100036020001500077040002500092082002400117100003800141245005700179260004400236300003900280500007000319500007300389500002800462590002700490650006100517650005300578910003700631942001400668952013000682952013000812952013000942952012401072952013001196999001701326000021336DO-SdBNP20240418073801.0100906s1993 dr ac 000 0 spa d a8460421015 aDO-SdBNPbspacBNPHU 4a972.9356bC697j2221 aCollado, Miguel A.,d1954-92469610aJanico :bnotas sobre su historia /cMiguel Collado. aSanto Domingo :bPavel ;fBúhoc1993. av. :bil., maps., retrs. ;c22 cm. aIncluye datos biográficos del autor en la solapa de la cubierta aIncluye referencias bibliográficas y notas al pie de las páginas aLa biblioteca posee v.1 aInventariado, 2023/MFF 4aJánico (República Dominicana)xHistoria local944575 4aCiudades y pueblosxRepública dominicana91095 aValidado. Control de calidad MFF 2ddccLBS1 00102ddc56708DSaBNPHUbBNPHUcHDd2010-09-06iLF1oBNPHU DS 972.9356 C697jp21336-30r2020-06-25te. 3w2020-06-25yLBS1 00102ddc56708DSaBNPHUbBNPHUcHDd2010-09-06iLF1oBNPHU DS 972.9356 C697jp21336-40r2020-06-25te. 4w2020-06-25yLBS1 00102ddc56708DSaBNPHUbBNPHUcHDd2010-09-06iLF1oBNPHU DS 972.9356 C697jp21336-50r2020-06-25te. 5w2020-06-25yLBS1 00102ddc51708PDaBNPHUbBNPHUcHDd2010-09-06iLF1oBNPHU PD 972.9356 C697jp21336-10r2020-06-25w2020-06-25yLBS1 00102ddc51708PDaBNPHUbBNPHUcHDd2010-09-06iLF1oBNPHU PD 972.9356 C697jp21336-20r2020-06-25te. 2w2020-06-25yLBS1 c20836d20836